Путешествие по ледяной пещере на Урале (Кунгурская пещера)

Бібліографічні деталі
Автор: Ледомский И. В.
Співавтор: Всероссийское общество охраны природы (ВООП)
Інші автори: Обручев В. А. Владимир Афанасьевич (редактор)
Резюме:Общество охраны природы- Международному Геологическому Конгрессу.
Мова:Російська
Опубліковано: Москва, [Б. и.], 1937
Предмети:
Формат: Книга
KOHA link:https://koha.lib.tpu.ru/cgi-bin/koha/opac-detail.pl?biblionumber=372830

MARC

LEADER 00000nam0a2200000 4500
001 372830
005 20231101050435.0
010 |b 2500 экз. 
035 |a (RuTPU)RU\TPU\retro\30255 
035 |a RU\TPU\book\265898 
090 |a 372830 
100 |a 20221215d1937 m y0rusy50 ca 
101 0 |a rus 
102 |a RU 
105 |a af z 001zy 
200 1 |a Путешествие по ледяной пещере на Урале (Кунгурская пещера)  |f И. В. Ледомский  |g Всероссийское общество охраны природы (ВООП) ; под ред. и с предисловием акад. В. А. Обручева 
210 |a Москва  |c [Б. и.]  |d 1937 
215 |a 32 с.  |c ил. 
300 |a Общество охраны природы- Международному Геологическому Конгрессу. 
317 |5 63413507: 179457  |a Поступила в НТБ в 1940 г. в составе книжного собрания академика М. А. Усова. 
320 |a Библиогр. в тексте 
610 1 |a пещеры 
610 1 |a карстовые явления 
610 1 |a библиотека М. А. Усова 
675 |a 551.442  |v 3 
700 1 |a Ледомский  |b И. В. 
702 1 |a Обручев  |b В. А.  |c российский геолог  |c профессор Томского технологического института  |c исследователь Сибири, Центральной и Средней Азии  |c географ  |f 1863-1956  |g Владимир Афанасьевич  |2 stltpush  |3 (RuTPU)RU\TPU\pers\996  |4 340 
712 0 2 |a Всероссийское общество охраны природы (ВООП)  |c (Москва)  |2 stltpush  |3 (RuTPU)RU\TPU\col\16002 
801 1 |a RU  |b 63413507  |c 20131023 
801 2 |a RU  |b 63413507  |c 20221215  |g RCR 
942 |c BK